000 00911nam a2200253Ia 4500
003 OSt
005 20221005105549.0
006 a|||||r|||| 00| 0
007 ta
008 221004b |||||||| |||| 00| 0 hin d
024 _a108626
037 _cTextual
040 _aCRL
_cCRL
_bhin
041 _2hin
_ahin
082 _aO152,1N177:g, L7
100 _aमिश्र, कृष्णमुरारी
245 0 _aआद्यबिम्ब और मुक्तिबोध की कविता
246 _aĀdyabimba aur muktibodh kī kavitā
260 _aनई दिल्ली
_bराधाकृष्ण प्रकाशन भारत
_c1977
300 _a140पृ0
_ccm.
650 _aहिन्दी साहित्य
942 _hO152,1N177:g, L7
_cTEXL
_2cc
999 _c1016178
_d1016178